Loading...
| Literature - American Lit | 0 | 4 | 1 | 0 | 35 | 111 | 133.00 | 0 | 4 |
| Arts - Other Arts | 1 | 2 | 1 | 0 | 30 | 30 | 74.67 | 1 | 3 |
| Thought - Social Science | 0 | 3 | 0 | 0 | 30 | 70 | 106.00 | 1 | 3 |
| Literature - British Lit | 0 | 3 | 0 | 0 | 30 | 117 | 128.67 | 2 | 3 |
| Literature - World Lit | 0 | 3 | 0 | 1 | 30 | 91 | 109.00 | 1 | 3 |
| Other - Pop Culture | 1 | 1 | 0 | 0 | 25 | 51 | 92.00 | 2 | 2 |
| Other - Geo/CE | 0 | 3 | 1 | 0 | 25 | 86 | 93.33 | 2 | 3 |
| Other - Other Academic | 1 | 1 | 1 | 0 | 20 | 36 | 79.50 | 1 | 2 |
| History - American History | 0 | 1 | 0 | 0 | 10 | 97 | 97.00 | 0 | 1 |
| History - Euro History | 0 | 1 | 0 | 1 | 10 | 132 | 132.00 | 0 | 1 |
| Science - Other Science | 0 | 1 | 0 | 1 | 10 | 118 | 118.00 | 1 | 1 |
| Science - Biology | 0 | 1 | 0 | 0 | 10 | 99 | 99.00 | 0 | 1 |
| Beliefs - Mythology | 0 | 1 | 0 | 0 | 10 | 89 | 89.00 | 0 | 1 |
| Beliefs - Religion | 0 | 1 | 0 | 0 | 10 | 94 | 94.00 | 1 | 1 |
| Arts - Music | 0 | 2 | 3 | 0 | 5 | 102 | 110.50 | 1 | 2 |
| Literature - Euro Lit | 0 | 1 | 2 | 0 | 0 | 110 | 110.00 | 1 | 1 |
| History - World History | 0 | 0 | 1 | 0 | -5 | 0.00 | 0 | 0 | |
| Arts - Painting | 0 | 0 | 2 | 0 | -10 | 0.00 | 0 | 0 |